Auswanderungen Tunesien - Statistiken

Allgemein
  • Dieses Quiz wurde 100 mal gespielt
  • Das Durchschnittsergebnis liegt bei 13 aus 16
Antwortstatistiken
Platz Land Anzahl % Korrekt
4. Deutschland 38.000
99%
1. Frankreich 1.000.000
96%
2. Italien 200.000
96%
8. Algerien 18.796
91%
9. Vereinigte Staaten 18.000
90%
11. Schweiz 16.667
89%
12. Niederlande 8.776
86%
16. Österreich 7.083
84%
5. Belgien/Luxemburg 25.560
81%
3. Libyen 68.952
79%
15. Vereinigtes Königreich/Irland 7.797
79%
6. Kanada 24.810
75%
13. Schweden 8.704
69%
7. Vereinigte Arabische Emirate 19.361
63%
10. Saudi-Arabien 16.774
60%
14. Katar 7.827
44%
Keine übereinstimmenden Quizze gefunden
Verteilung der Resultate
Anzahl Personen mit jedem Resultat
Perzentil nach korrekt beantworteten Fragen
Ihre Resultats-Entwicklung
Sie haben dieses Quiz noch nicht gespielt